LEADER 01256nam 2200421 450 001 9910798718003321 005 20230803214352.0 010 $a93-86107-59-7 035 $a(CKB)3710000000897626 035 $a(MiAaPQ)EBC4699819 035 $a(EXLCZ)993710000000897626 100 $a20161018h20142014 uy 0 101 0 $aeng 135 $aurcnu|||||||| 181 $2rdacontent 182 $2rdamedia 183 $2rdacarrier 200 10$aIntroductory head & neck imaging /$fEugene Yu, Lalitha Shankar 205 $aFirst edition. 210 1$aNew Delhi, [India] :$cJaypee Brothers Medical Publishers (P) Ltd,$d2014. 210 4$d©2014 215 $a1 online resource (692 pages) $cillustrations 311 $a93-5152-207-5 320 $aIncludes bibliographical references at the end of each chapters and index. 606 $aHead$xRadiography 606 $aNeck$xRadiography 615 0$aHead$xRadiography. 615 0$aNeck$xRadiography. 676 $a617.5107572 700 $aYu$b Eugene$01172304 702 $aShankar$b Lalitha 801 0$bMiAaPQ 801 1$bMiAaPQ 801 2$bMiAaPQ 906 $aBOOK 912 $a9910798718003321 996 $aIntroductory head & neck imaging$93845214 997 $aUNINA LEADER 01619nas 2200433-a 450 001 9910134598603321 005 20260218111307.0 011 $a1777-5558 035 $a(CKB)110992357303808 035 $a(CONSER)---84646760- 035 $a(DE-599)ZDB2150581-0 035 $a(DE-599)2150581-0 035 $a(EXLCZ)99110992357303808 100 $a19840831a19829999 -a- b 101 0 $afre 181 $ctxt$2rdacontent 182 $cc$2rdamedia 183 $acr$2rdacarrier 200 00$aEducation et formations /$f[réalisé par la Sous-direction des enquêtes statistiques et des études du Service de l'informatique de gestion et des statistiques (S.I.G.E.S.) du Ministère de l'éducation nationale] 210 $aVanves $cSIGES 215 $a1 online resource 300 $a"Etudes et documents." 311 08$aPrint version: Education et formations / (DLC) 84646760 (OCoLC)11110910 0294-0868 606 $aEducation$zFrance$vStatistics$vPeriodicals 606 $aÉducation$zFrance$vStatistiques$vPériodiques 606 $aEducation$2fast$3(OCoLC)fst00902499 607 $aFrance$2fast 608 $aPeriodicals.$2fast 608 $aStatistics.$2fast 615 0$aEducation 615 6$aÉducation 615 7$aEducation. 676 $a370/.944 712 02$aFrance.$bMiniste?re de l'e?ducation nationale.$bService de l'informatique de gestion et des statistiques.$bSous-direction des enque?tes statistiques et des e?tudes. 906 $aJOURNAL 912 $a9910134598603321 920 $aexl_impl conversion 996 $aEducation et formations$91987732 997 $aUNINA